| 000 | 00518nam a2200241Ia 4500 | ||
|---|---|---|---|
| 003 | IT-RoPAU | ||
| 008 | 120407s9999 xx 000 0 und d | ||
| 040 | _aIT-RoPAU | ||
| 040 | _cIT-RoPAU | ||
| 041 | _aita | ||
| 100 | _aJacques Dubuc | ||
| 245 | _aIl linguaggio del corpo nella liturgia | ||
| 250 | _aCinisello Balsamo | ||
| 260 | _aEdizioni Paoline | ||
| 260 | _c1989 | ||
| 300 | _a200 p. | ||
| 300 | _bill. | ||
| 300 | _c21 cm | ||
| 490 | _aLiturgia | ||
| 490 | _v2 | ||
| 942 | _cBK | ||
| 999 |
_c28325 _d28325 |
||